000 00450nam a2200145Ia 4500
008 230917s9999||||xx |||||||||||||| ||und||
040 _e164374
_aMAIN
041 _aEnglish
082 _a891.431741 AM57S
100 _aअंमिता
245 0 _aसम्बन्धो की सियासत बनाम खोखली लड़की
260 _aदिल्ली
_bनिर्मल
_c1995
300 _a72पृ. p.
942 _cHN
999 _c94042
_d94042